000 00412nam a2200145 a 4500
001 000046277
005 20201002052745.0
008 150714s1999 dr 000 0 spa d
040 _aDO-SdBNP
_bspa
_cBNPHU
082 _axxxx
_bxxxx
100 1 _aMora Ramis, Taiana
_925447
245 1 0 _aPlenitud del instante /
_cTaiana Mora Ramis.
260 _aSanto Domingo :
_bPrensa Dorada,
_c1999.
300 _a89 p. ;
_c23 cm.
999 _c45766
_d45766